The Primal Hunter ; book 7 (Record no. 391927)
[ view plain ]
| 000 -LEADER | |
|---|---|
| fixed length control field | 01017nam a22002057a 4500 |
| 008 - FIXED-LENGTH DATA ELEMENTS--GENERAL INFORMATION | |
| fixed length control field | 240103b |||||||| |||| 00| 0 eng d |
| 092 ## - LOCALLY ASSIGNED DEWEY CALL NUMBER (OCLC) | |
| Classification number | adult fiction |
| Item number | Zogarth |
| 100 ## - MAIN ENTRY--PERSONAL NAME | |
| Personal name | Zogarth |
| 9 (RLIN) | 6460887 |
| 245 ## - TITLE STATEMENT | |
| Title | The Primal Hunter ; book 7 |
| 264 ## - Publisher, distributor, etc. | |
| Place of production, publication, distribution, manufacture | Oregon; |
| Name of producer, publisher, distributor, manufacturer | Independently Published, |
| Date of production, publication, distribution, manufacture, or copyright notice | 2023. |
| 300 ## - PHYSICAL DESCRIPTION | |
| Extent | 545 pages; |
| Other physical details | softcover |
| 336 ## - CONTENT TYPE | |
| Content type term | text |
| 337 ## - MEDIA TYPE | |
| Media type term | unmediated |
| 338 ## - CARRIER TYPE | |
| Carrier type term | volume |
| 490 ## - SERIES STATEMENT | |
| Series statement | Primal Hunter: book 7. |
| 520 ## - SUMMARY, ETC. | |
| Summary, etc | Having arrived at the Order of the Malefic Viper, Jake is eager to improve his alchemy…<br/><br/>However, reality can often be cruel. Because while trying to do just that, Jake will be dealing with the political landscape of the Order. Between hiding his identity as the Chosen of the Big Boss, being forced to attend get-togethers, visiting vampires to sell ancient memorabilia, and trying to actually learn some alchemy, Jake's busier than ever. |
| 521 ## - TARGET AUDIENCE NOTE | |
| Target audience note | Ages 18+ |
| 942 ## - ADDED ENTRY ELEMENTS (KOHA) | |
| Source of classification or shelving scheme | Dewey Decimal Classification |
| Item type | BOOK |
| Withdrawn status | Lost status | Source of classification or shelving scheme | Damaged status | Not for loan | Collection code | Home library | Current library | Shelving location | Date acquired | Source of acquisition | Serial Enumeration / chronology | Total Checkouts | Total Renewals | Full call number | Barcode | Date last seen | Date last borrowed | Cost, replacement price | Price effective from | Koha item type |
|---|---|---|---|---|---|---|---|---|---|---|---|---|---|---|---|---|---|---|---|---|
| Dewey Decimal Classification | Fiction | Wasatch County Library | Wasatch County Library | First Floor | 05/03/2024 | Amazon | #7 Primal Hunter | 1 | 1 | F Zogarth | 34301002075069 | 08/05/2024 | 07/18/2024 | 19.99 | 05/03/2024 | BOOK |
